Regulácia finančných trhov v súvisloti s ekonomickým cyklom diplomová práca

Na minha lista:
Detalhes bibliográficos
Autor principal: Jakabová, Iveta
Autor Corporativo: Podnikovohospodárska fakulta EU so sídlom v Košiciach. Katedra ekonómie
Outros Autores: Baumöhl, Eduard, 1982-
Formato: Livro
Idioma:eslovaco
Publicado em: Košice 2013
Tags: Adicionar Tag
Sem tags, seja o primeiro a adicionar uma tag!

MARC

LEADER 00000nbm a2200000 4500
001 0170331
005 20240827092927.1
041 0 |a slo 
044 |a SK 
245 1 0 |a Regulácia finančných trhov v súvisloti s ekonomickým cyklom  |b diplomová práca  |c Iveta Jakabová ; školiteľ: Eduard Baumöhl 
264 1 |a Košice  |c 2013 
300 |a 80 s. 
100 1 |a Jakabová, Iveta 
700 1 |a Baumöhl, Eduard, 1982- 
710 2 |a Podnikovohospodárska fakulta EU so sídlom v Košiciach. Katedra ekonómie